| 000 | 00977cam a2200181 a 4500 | ||
|---|---|---|---|
| 001 | 000012084 | ||
| 005 | 20200929162704.0 | ||
| 008 | 830104s1986 cl af 001 0 spa | ||
| 040 |
_aDO-SdBNP _bspa _cBNPHU |
||
| 082 |
_a398.20983 _bL683c |
||
| 245 | 0 | 0 |
_aLeyendas chilenas / _crecopilación de Fernando Emmerich. |
| 260 |
_aSantiago, (Chile) : _bAndrés Bello, _c1986. |
||
| 300 |
_a77 : _bil. ; _c16 cm. |
||
| 505 | 0 | _aEl Derrotero del gringo loco / Antonio Landauro - La Tirana del Tamarugal / Fernando Emmerich - Juan Soldado / Antonio Landauro -- El hombre-pájaro / Michel Rougié -- La Laguna del Inca / Tulio Espinosa -- Las Tres Pascualas / Antonio Landauro -- Lican Ray / Carlos Ducci Claro -- Licarayen / Antonio Landauro -- La Pincoya / Vicente Mengod -- El Caleuche / Carlos Ducci Claro -- El arquero del bosque / Enrique Campos Menéndez. | |
| 650 | 4 |
_aLeyendas chilenas _928538 |
|
| 650 | 4 |
_aLiteratura chilena _93164 |
|
| 700 | 1 |
_aEmmerich, Fernando, _d1932- _928539 |
|
| 999 |
_c11750 _d11750 |
||